| 000 | 00779nam a2200229Ia 4500 | ||
|---|---|---|---|
| 003 | OSt | ||
| 005 | 20220923230146.0 | ||
| 006 | a|||||r|||| 00| 0 | ||
| 007 | ta | ||
| 008 | 220922b |||||||| |||| 00| 0 hin d | ||
| 024 | _a277,906 | ||
| 037 | _cTextual | ||
| 040 |
_aARTS _cARTS _bhin |
||
| 041 |
_2hin _ahin |
||
| 082 | _aR6, 152N0 | ||
| 100 |
_aउपाध्याय, विष्णुदेव _9156299 |
||
| 245 | 0 |
_aभारतीय दर्शन _b मूलान्वेषण |
|
| 246 | _aBhāratīya darshana: mūlānveṣhaṇa | ||
| 260 |
_aदिल्ली _b आत्मा राम एण्ड संस _c1990 |
||
| 942 |
_hR6, 152N0 _cTEXL _2CC |
||
| 999 |
_c382923 _d382923 |
||